Principles of CMOS VLSI design (Record no. 2744)

000 -LEADER
fixed length control field 00701nam a2200229 a 4500
001 - CONTROL NUMBER
control field 2744
003 - CONTROL NUMBER IDENTIFIER
control field BD-DhUET
008 - FIXED-LENGTH DATA ELEMENTS--GENERAL INFORMATION
fixed length control field 920421s1993 mauaf b 001 0 eng
020 ## - INTERNATIONAL STANDARD BOOK NUMBER
International Standard Book Number 0201533766
040 ## - CATALOGING SOURCE
Original cataloging agency DLC
Transcribing agency DLC
Modifying agency BD-DhUET
082 00 - DEWEY DECIMAL CLASSIFICATION NUMBER
Classification number 623.8173
Item number WES/1992
100 1# - MAIN ENTRY--PERSONAL NAME
Personal name Weste, Neil H. E.
245 10 - TITLE STATEMENT
Title Principles of CMOS VLSI design
Remainder of title a systems perspective
Statement of responsibility, etc. by Neil H.E. Weste and Kamran Eshraghian
250 ## - EDITION STATEMENT
Edition statement 2nd ed.
260 ## - PUBLICATION, DISTRIBUTION, ETC. (IMPRINT)
Place of publication, distribution, etc. New York
Name of publisher, distributor, etc. Addison-Wesley Publishing
Date of publication, distribution, etc. 1993
300 ## - PHYSICAL DESCRIPTION
Extent xxii, 713 p.
490 ## - SERIES STATEMENT
Series statement The VLSI system series
504 ## - BIBLIOGRAPHY, ETC. NOTE
Bibliography, etc Includes bibliographies
650 #0 - SUBJECT ADDED ENTRY--TOPICAL TERM
Topical term or geographic name as entry element Integrated circuits- VLSI-Design and construction
700 ## - ADDED ENTRY--PERSONAL NAME
Personal name Eshraghian, Kamran
942 ## - ADDED ENTRY ELEMENTS (KOHA)
Koha item type General Book
Holdings
Koha date last seen Koha issues (times borrowed) Withdrawn status Date acquired Price effective from Shelving location Lost status Koha date last borrowed Koha item type Location (home branch) Damaged status Sublocation or collection (holding branch) Piece designation (barcode) Source of classification or shelving scheme Copy number Koha normalized classification for sorting Koha full call number Not for loan
2014-09-30  2014-09-302014-09-30Circulation section  General BookCentral Library, BUET Central Library, BUET107718 1623_817300000000000_WES_1993623.8173/WES/1993 
2015-01-101 2014-09-302014-09-30Circulation section 2014-12-13General BookCentral Library, BUET Central Library, BUET107801 2623_000000000000000_8173WES199623.8173/WES/1993 
2014-10-29  2014-10-292014-10-29Circulation section  General BookCentral Library, BUET Central Library, BUET91121 3623_000000000000000_8173WES199623.8173/WES/1993 
2014-10-29  2014-10-292014-10-29Circulation section  General BookCentral Library, BUET Central Library, BUET91119 4623_817300000000000_WES_1993623.8173/WES/1993 
2014-11-01  2014-11-012014-11-01Circulation section  General BookCentral Library, BUET Central Library, BUET91120 5623_000000000000000_8173WES199623.8173/WES/1992 
2018-08-271 2014-11-012014-11-01Circulation section 2018-08-14General BookCentral Library, BUET Central Library, BUET91124 6623_000000000000000_8173WES199623.8173/WES/1992 
2017-01-01  2014-11-092014-11-09Circulation section  General BookCentral Library, BUET Central Library, BUET91123 7623_000000000000000_8173WES199623.8173/WES/1993 
2015-07-02  2015-07-022015-07-02Reading section  Reading ItemCentral Library, BUET Central Library, BUET90588 8623_817300000000000_WES_1993623.8173/WES/1993 
2019-01-30  1997-04-282019-01-30Circulation section  General BookCentral Library, BUET Central Library, BUET91122 9623_817300000000000_WES_1993623.8173/WES/1993